00473pab a2200157 454500008004000000100002500040245007200065260000900137300001500146362000800161650003400169650004300203650002100246700001900267773002900286180718b2015 xxu||||| |||| 00| 0 eng d aWahedUzzaman, Wahed  aDemocratic culture and participatory local governance in Bangladesh c2015 ap.260-279. aApr aLocal Government - Bangladesh aParticipatory development - Bangladesh aLocal government aAlam, Quamrul  aLocal Government Studies